000 00339cam a22001217a 4500
008 180718b1967 xxu||||| |||| 00| 0 eng d
082 _aB19x54 B651
100 _aBose, Nirmal Kumar
245 _aCulture and society in India
_cby Nirmal Kumar Bose
260 _aBombay
_bAsia
_c1967
300 _a440p.
650 _aIndia - Social Conditions.
999 _c360583
_d360583